000 00789pam a2200241 a 4500
001 1525207
005 20180228044406.0
008 901116s1991 nyu b 001 0 eng
010 _a 90025094
020 _a0029212855 :
_c$22.95
040 _aDLC
_cDLC
_dDLC
041 _aeng
043 _an-us---
080 _a306.850973 mar
082 0 0 _a306.850973 mar
_220
100 1 _a50
101 _asoc
245 1 0 _aWarm hearts and cold cash :
_cMarcia Millman.
504 _aIncludes bibliographical references (p. 183-185) and index.
906 _a7
_bcbc
_corignew
_d1
_eocip
_f19
_gy-gencatlg
942 _2ddc
_cBK
999 _c43690
_d43690